000
00182 a2200097 4500
020
_a
9788449311734
041
_a
spa
100
_a
Hilde Bruch
245
_a
La jaula dorada
942
_c
BK
999
_c
3887
_d
3887